Science Quiz

Random Science or Elements Quiz

Click Elements on the Periodic Table Quiz Stats

 Plays Quiz Updated Nov 30, 2016

Support Sporcle.
Go Orange.
Score 0/118 Timer 10:00
5 Plays Today
% Correct
H
72.9%
He
71.7%
C
68.9%
Li
68.3%
O
68.2%
Ne
67.5%
N
67.2%
B
66.8%
F
66%
Be
65.8%
Cl
65.7%
Na
65.2%
Ar
65.2%
Al
63.8%
Kr
63.1%
K
63%
Mg
62.8%
Xe
62.7%
S
62.4%
Si
62.3%
P
61.7%
La
61.7%
Au
61.5%
Ca
61.4%
Ag
61.4%
Br
61.2%
Rn
61.1%
Og
61.1%
I
60.5%
Zn
60.4%
Cu
60.4%
Fr
60.1%
Fe
59.9%
Ni
59%
Ts
58.9%
Ac
58.7%
Ga
58.7%
Sc
58.6%
U
58.3%
Ti
58.3%
% Correct
Ge
57.9%
Co
57.8%
Hg
57.7%
Cs
57.3%
At
56.9%
V
56.7%
As
56.6%
Ba
56.5%
Mn
56.4%
Pt
56.3%
Ra
56.2%
Y
56.1%
Cr
56%
Mc
55.9%
Pb
55.5%
Pu
55.5%
Sr
55.4%
Sn
55.4%
Se
55.1%
Np
55%
Rb
54.5%
Lr
54.2%
Nh
54.2%
Zr
53.8%
W
53.7%
Sb
53.6%
Bi
53.5%
Lu
53.3%
Cd
52.9%
In
52.3%
Po
52.3%
Pd
52.2%
Mo
52.2%
Es
52.2%
Lv
51.7%
Rf
51.7%
Am
51.7%
Cn
51.5%
Tc
51.1%
Hf
51.1%
% Correct
No
51%
Pr
50.9%
Fl
50.8%
Th
50.7%
Yb
50.6%
Os
50.5%
Ce
50.4%
Sg
50.3%
Pa
50.2%
Nb
50.1%
Cf
50%
Te
49.8%
Eu
49.7%
Ru
49.6%
Rh
49.6%
Ta
49.5%
Ir
49.4%
Nd
49.3%
Md
49.2%
Tl
49%
Rg
48.9%
Db
48.8%
Bk
48.8%
Pm
48.3%
Fm
48.2%
Ds
47.6%
Sm
47.5%
Cm
47.3%
Mt
47%
Re
46.9%
Bh
46.8%
Gd
46.1%
Hs
45.7%
Er
45.5%
Tm
44.3%
Dy
44.1%
Ho
44%
Tb
43.4%

From the Vault

Pick the Human Bones

by Delphi

Science 5m
They're part of your body, so you better at least know a few of them.
Remove Ads.
Support Sporcle.
Get the best of Sporcle when you Go Orange. This ad-free experience offers more features, more stats, and more fun while also helping to support Sporcle. Thank you for becoming a member.

Show Comments

Extras

Top Quizzes Today


Score Distribution

Your Account Isn't Verified!

In order to create a playlist on Sporcle, you need to verify the email address you used during registration. Go to your Sporcle Settings to finish the process.

Report this User

Report this user for behavior that violates our Community Guidelines.

Details: